[Event "AUTO-ADV-3953"]
[Site "http://www.queenalice.com/game.php?id=1508395"]
[Date "2017.12.18"]
[Round "1"]
[White "pedone"]
[Black "jairo366"]
[Result "0-1"]
[WhiteElo "1769"]
[BlackElo "2039"]

1. e4 e5 2. Nf3 Nc6 3. Bc4 Nf6 4. Ng5 d5 5. exd5 Nxd5 6. Qh5 g6 7. Qf3 Qxg5 8.
Bxd5 Nd4 9. Qe4 Qf5 10. Bxb7 Bxb7 11. Qxb7 Rc8 12. O-O Nxc2 13. Qc6+ Kd8 14.
Qd5+ Bd6 15. Na3 Nxa1 16. d3 Re8 17. Nc4 Qe6 18. Qc6 Nc2 19. a3 e4 20. Na5 exd3
21. Bg5+ f6 22. Nb7+ Ke7 23. Bh6 Bxh2+ 0-1

[Event "AUTO-ADV-3953"]
[Site "http://www.queenalice.com/game.php?id=1508396"]
[Date "2017.12.18"]
[Round "1"]
[White "jairo366"]
[Black "pedone"]
[Result "1-0"]
[WhiteElo "2046"]
[BlackElo "1764"]

1. e4 c6 2. Nc3 d5 3. d4 dxe4 4. Nxe4 f5 5. Ng3 Nf6 6. Nf3 e6 7. Bc4 b5 8. Bb3
a5 9. Qe2 Be7 10. Bxe6 Bxe6 11. Qxe6 g6 12. Bg5 Qd5 13. Qc8+ Qd8 14. Qxd8+ Bxd8
15. O-O-O Kf7 16. Ne5+ Kg7 17. Rhe1 h6 18. Bxf6+ Bxf6 19. f4 Rd8 20. Re3 Rd5 21.
Ne2 b4 22. Rg3 Bxe5 23. fxe5 Nd7 24. Nf4 g5 25. Nxd5 cxd5 26. h4 g4 27. c3 1-0

[Event "AUTO-ADV-3953"]
[Site "http://www.queenalice.com/game.php?id=1508407"]
[Date "2017.12.18"]
[Round "1"]
[White "Taura10"]
[Black "jairo366"]
[Result "0-1"]
[WhiteElo "1946"]
[BlackElo "1982"]

1. d4 Nf6 2. c4 g6 3. Nc3 Bg7 4. Bg5 O-O 5. e4 d6 6. Bxf6 exf6 7. Be2 f5 8. exf5
Bxf5 9. Nf3 c5 10. Qd2 Nc6 11. d5 Nd4 12. O-O Re8 13. Rad1 Qe7 14. Nxd4 cxd4 15.
Nb5 Qxe2 16. Nxd6 Bc2 17. Nxe8 Bxd1 18. Rxd1 Rxe8 19. g3 Qxc4 20. Qa5 a6 21. d6
Qc6 22. Qb4 Re6 23. b3 Rxd6 24. Qd2 d3 25. Rc1 Qd7 26. Kg2 Re6 27. Rd1 Qd5+ 28.
Kg1 Re2 0-1

[Event "AUTO-ADV-3953"]
[Site "http://www.queenalice.com/game.php?id=1508408"]
[Date "2017.12.18"]
[Round "1"]
[White "jairo366"]
[Black "Taura10"]
[Result "0-1"]
[WhiteElo "1978"]
[BlackElo "1945"]

1. d4 d5 2. Nf3 a6 3. c4 c6 4. e3 Bg4 5. Nc3 Bxf3 6. Qxf3 Nf6 7. Bd3 e6 8. O-O
Be7 9. c5 Nbd7 10. Bd2 O-O 11. Qh3 Re8 12. f4 g6 13. b4 Bf8 14. a4 b6 15. g4 Re7
16. g5 Nh5 17. Rab1 f6 0-1

[Event "AUTO-ADV-3953"]
[Site "http://www.queenalice.com/game.php?id=1508415"]
[Date "2017.12.18"]
[Round "1"]
[White "jairo366"]
[Black "henriq19"]
[Result "1-0"]
[WhiteElo "1997"]
[BlackElo "2039"]

1. d4 Nf6 2. Nf3 e6 3. Nc3 d5 4. g3 c5 5. Bg2 Be7 6. O-O O-O 7. dxc5 Bxc5 8. Bf4
Nc6 9. Ne5 Nxe5 10. Bxe5 Ng4 11. Bd4 Bxd4 12. Qxd4 Nf6 13. Rad1 Bd7 14. e4 dxe4
15. Nxe4 Nd5 16. c4 Nb6 17. Nc5 Bc6 18. Nxb7 Qxd4 19. Rxd4 Bxg2 20. Kxg2 Rac8
21. b3 Rc7 22. Nd6 Rd7 23. c5 Nd5 24. b4 h6 25. a4 Nc3 26. b5 Rfd8 27. Rc4 Nd5
28. Rb1 Rc7 29. b6 axb6 30. cxb6 Rxc4 31. Nxc4 Nc3 32. Rb4 Nd5 33. Rb3 Rb8 34.
a5 Ne7 35. a6 Nc8 36. a7 1-0

[Event "AUTO-ADV-3953"]
[Site "http://www.queenalice.com/game.php?id=1508416"]
[Date "2017.12.18"]
[Round "1"]
[White "henriq19"]
[Black "jairo366"]
[Result "0-1"]
[WhiteElo "2028"]
[BlackElo "1954"]

1. e4 e5 2. Nf3 Nc6 3. Bb5 Nf6 4. Nc3 Bc5 5. O-O O-O 6. a3 Nd4 7. Nxe5 d6 8. Nd3
Bg4 9. f3 Nxf3+ 10. Kh1 Nxh2 11. Qe1 Nxf1 12. Qxf1 Nxe4 13. Nxc5 Ng3+ 0-1

[Event "AUTO-OPEN-3884"]
[Site "http://www.queenalice.com/game.php?id=1508691"]
[Date "2017.12.20"]
[Round "1"]
[White "davidherrera850"]
[Black "jairo366"]
[Result "0-1"]
[WhiteElo "1491"]
[BlackElo "2044"]

1. e4 e5 2. Nf3 Nc6 3. Bc4 Nf6 4. Nc3 Bc5 5. O-O O-O 6. d3 h6 7. Bd2 d6 8. h3
Na5 9. Bb5 c6 10. Ba4 b5 11. Bb3 Re8 12. Qc1 Bd7 13. a3 Nxb3 14. cxb3 Bb6 15.
Be3 d5 16. exd5 cxd5 17. Bxb6 Qxb6 18. a4 Rac8 19. a5 Qe6 20. Re1 b4 21. Ne2
Rxc1 22. Raxc1 Qa6 23. d4 e4 24. Ne5 Qxa5 25. Nxd7 Nxd7 26. Nf4 Nf6 27. Ra1 Qc7
28. Rac1 Qxf4 29. g3 Qd2 30. Red1 Qxb2 31. Rb1 Qc3 32. Kg2 Qf3+ 33. Kf1 e3 34.
Re1 Qxf2# 0-1

[Event "AUTO-OPEN-3884"]
[Site "http://www.queenalice.com/game.php?id=1508692"]
[Date "2017.12.20"]
[Round "1"]
[White "jairo366"]
[Black "davidherrera850"]
[Result "1-0"]
[WhiteElo "2015"]
[BlackElo "1365"]

1. e4 e5 2. Nf3 Nc6 3. Nc3 Nf6 4. Bc4 Bc5 5. O-O O-O 6. d3 h6 7. Be3 b6 8. Qd2
Bxe3 9. fxe3 d6 10. Nd5 Na5 11. Nxf6+ Qxf6 12. Bd5 Qg6 13. Bxa8 c6 14. b4 Nb7
15. a4 a5 16. Rab1 axb4 17. Rxb4 Na5 18. Rxb6 Bd7 19. Qxa5 Bh3 20. Rf2 f5 21.
Bxc6 f4 22. Nxe5 Qg5 23. exf4 Rxf4 24. Qd5+ Kh7 25. Rb8 dxe5 26. Qg8+ Kg6 27.
Be8+ 1-0

[Event "AUTO-OPEN-3884"]
[Site "http://www.queenalice.com/game.php?id=1508719"]
[Date "2017.12.20"]
[Round "1"]
[White "jairo366"]
[Black "juim"]
[Result "1-0"]
[WhiteElo "1980"]
[BlackElo "1582"]

1. d4 d5 2. Nf3 e6 3. Bf4 Nf6 4. e3 Bd6 5. Nc3 O-O 6. Bd3 Bb4 7. O-O Bxc3 8.
bxc3 Ne4 9. c4 Nc3 10. Qe1 Na4 11. cxd5 exd5 12. Qa5 Nb6 13. Qc5 c6 14. h3 Na6
15. Qc3 Na4 16. Qb3 b5 17. Rfe1 Bb7 18. e4 dxe4 19. Bxe4 Qb6 20. Bd6 Rfd8 21.
Bxh7+ Kh8 22. Qxf7 Qxd4 23. Nxd4 c5 24. Re7 1-0

[Event "AUTO-OPEN-3884"]
[Site "http://www.queenalice.com/game.php?id=1508720"]
[Date "2017.12.20"]
[Round "1"]
[White "juim"]
[Black "jairo366"]
[Result "0-1"]
[WhiteElo "1688"]
[BlackElo "1973"]

1. e4 e5 2. d4 exd4 3. Qxd4 Nc6 4. Qd1 Bc5 5. Na3 Nf6 6. Bg5 Bxf2+ 7. Kxf2 Nxe4+
8. Ke2 Qxg5 9. Nf3 Qc5 10. Nd4 Nxd4+ 11. Ke3 Nf5+ 12. Kxe4 d5+ 13. Ke5 Qe3+ 14.
Kxd5 Be6# 0-1

[Event "AUTO-OPEN-3884"]
[Site "http://www.queenalice.com/game.php?id=1508721"]
[Date "2017.12.20"]
[Round "1"]
[White "jairo366"]
[Black "clovis"]
[Result "1-0"]
[WhiteElo "1961"]
[BlackElo "2031"]

1. e4 e5 2. Nf3 Nc6 3. Nc3 Bc5 4. Bc4 d6 5. d3 Nf6 6. O-O Bg4 7. h3 Bh5 8. Bg5
Nd4 9. g4 Bg6 10. Na4 Qd7 11. Nxd4 Bxd4 12. c3 Bb6 13. Nxb6 axb6 14. f4 h5 15.
fxe5 dxe5 16. Bxf6 gxf6 17. Rxf6 hxg4 18. Qxg4 Rxh3 19. Rxg6 fxg6 20. Qxg6+ Kd8
21. Rf1 c6 22. Rf7 1-0

[Event "AUTO-OPEN-3884"]
[Site "http://www.queenalice.com/game.php?id=1508722"]
[Date "2017.12.20"]
[Round "1"]
[White "clovis"]
[Black "jairo366"]
[Result "0-1"]
[WhiteElo "2172"]
[BlackElo "2017"]

1. e4 c5 2. Nf3 d6 3. Bb5+ Bd7 4. Nc3 Nf6 5. O-O Bxb5 6. Nxb5 Nc6 7. d3 g6 8.
Re1 Bg7 9. Bg5 O-O 10. Qd2 Ng4 11. h3 Nge5 12. Nxe5 Nxe5 13. Bh6 Bxh6 14. Qxh6
Nc6 15. h4 Qb6 16. Nc3 Qxb2 17. Nd5 Qxc2 18. Re3 Qb2 19. Rae1 e6 20. Nf4 b5 21.
e5 Nxe5 22. Rxe5 dxe5 23. Nh5 e4 24. Re2 Qa1+ 25. Kh2 exd3 26. Re3 Rad8 27. f4
gxh5 28. Re5 f6 29. Rxe6 Rf7 30. Qxh5 d2 0-1